Central Library OPAC University of Rajshahi

Risk theory / (Record no. 7242)

MARC details
000 -LEADER
fixed length control field 00963nam a2200289 a 4500
001 - CONTROL NUMBER
control field 7242
003 - CONTROL NUMBER IDENTIFIER
rucl marc code BD-RjUL
005 - DATE AND TIME OF LATEST TRANSACTION
control field 20211208234402.0
008 - FIXED-LENGTH DATA ELEMENTS--GENERAL INFORMATION
fixed length control field 160831s1969 enka b 001 0 eng
020 ## - INTERNATIONAL STANDARD BOOK NUMBER
International Standard Book Number 0416128505
035 ## - SYSTEM CONTROL NUMBER
System control number (BD-RjUL)7284
040 ## - CATALOGING SOURCE
Original cataloging agency DLC
Transcribing agency DLC
Modifying agency BD-RjUL
Language of cataloging eng
041 ## - LANGUAGE CODE
Language code of text/sound track or separate title eng
082 00 - DEWEY DECIMAL CLASSIFICATION NUMBER
Classification number 368
Author mark and year BER 1969
Edition number 23
100 1# - MAIN ENTRY--PERSONAL NAME
Personal name Beard, R. E.
Fuller form of name (Robert Eric)
9 (RLIN) 20411
245 10 - TITLE STATEMENT
Title Risk theory /
Statement of responsibility, etc. R. E. Beard, T. Pentikäinen [and] E. Pesonen
260 ## - PUBLICATION, DISTRIBUTION, ETC. (IMPRINT)
Place of publication, distribution, etc. London :
Name of publisher, distributor, etc. Methuen,
Date of publication, distribution, etc. c1969.
300 ## - PHYSICAL DESCRIPTION
Pagination xiv, 191 p. :
Illustrations ill. ;
Size 22 cm.
490 0# - SERIES STATEMENT
Series statement Methuen's monographs on applied probability and statistics
500 ## - GENERAL NOTE
General note "Distributed in the U.S.A. by Barnes & Noble, New York."
504 ## - BIBLIOGRAPHY, ETC. NOTE
Bibliography, etc Include bibliography and index.
650 #0 - SUBJECT ADDED ENTRY--TOPICAL TERM
Topical term or geographic name as entry element Insurance
General subdivision Mathematics.
9 (RLIN) 15093
Topical term or geographic name as entry element Risk (Insurance)
9 (RLIN) 16093
700 1# - ADDED ENTRY--PERSONAL NAME
Personal name Pentikäinen, Teivo,
Relator term joint author.
Personal name Pesonen, E.
Fuller form of name (Erkki),
Relator term joint author.
942 ## - ADDED ENTRY ELEMENTS (KOHA)
Source of classification or shelving scheme Dewey Decimal Classification
Koha item type Books
Holdings
Lost status Source of classification or shelving scheme Damaged status Not for loan Collection code Permanent Location Current Location Shelving location Date acquired Source of acquisition Cost, normal purchase price Total Checkouts Full call number Date last seen Copy number Koha item type
  Dewey Decimal Classification     Non-fiction Central Library, University of Rajshahi Central Library, University of Rajshahi   05/01/1981 Heffer 3.00   368 BER 1969 13/01/2014 C-2 Books
  Dewey Decimal Classification     Non-fiction Central Library, University of Rajshahi Central Library, University of Rajshahi   05/01/1981 Heffers 3.00   368 BER 1969 31/08/2016 C-3 Books
  Dewey Decimal Classification     Non-fiction Central Library, University of Rajshahi Central Library, University of Rajshahi   05/01/1981 Heffers 3.00   368 BER 1969 31/08/2016 C-4 Books
  Dewey Decimal Classification     Non-fiction Central Library, University of Rajshahi Central Library, University of Rajshahi   05/01/1981 Heffers 3.00   368 BER 1969 31/08/2016 C-5 Books